A critical bibliography of editions of the Don Quixote: printed between 1605 and 1917 (Record no. 7159)
[ view plain ]
| 000 -CABECERA | |
|---|---|
| campo de control de longitud fija | 01149nam a2200277 a 4500 |
| 001 - NÚMERO DE CONTROL | |
| campo de control | BRCA_7484 |
| 005 - FECHA Y HORA DE LA ÚLTIMA TRANSACCIÓN | |
| campo de control | 20190320205844.0 |
| 008 - DATOS DE LONGITUD FIJA--INFORMACIÓN GENERAL | |
| campo de control de longitud fija | 250413s1939----u--a###f##---#000-0#eng-# |
| 041 ## - CÓDIGO DE LENGUA | |
| Código de lengua del texto/banda sonora o título independiente | engspa |
| 044 ## - CÓDIGO DEL PAÍS DE LA ENTIDAD EDITORA/PRODUCTORA | |
| Código MARC del país | u |
| 050 #4 - SIGNATURA TOPOGRÁFICA DE LA BIBLIOTECA DEL CONGRESO | |
| Número de clasificación | Z8158 |
| Número de documento/Ítem | .S86 1939 |
| 245 10 - MENCIÓN DE TÍTULO | |
| Título | A critical bibliography of editions of the Don Quixote: printed between 1605 and 1917 |
| Mención de responsabilidad, etc. | compiled and described by Juan Suñe Benages and Juan Suñe Fonbuena, continued down to 1937 by the first of these authors and how edited by J. D. M. Ford & C. T. Kelle. |
| 260 ## - PUBLICACIÓN, DISTRIBUCIÓN, ETC. | |
| Lugar de publicación, distribución, etc. | Massachusetts, Estados Unidos |
| Nombre del editor, distribuidor, etc. | Harvard University |
| Fecha de publicación, distribución, etc. | 1939 |
| 300 ## - DESCRIPCIÓN FÍSICA | |
| Extensión | xvii, 72 p. |
| Otras características físicas | il., tablas |
| Dimensiones | 25 cm. |
| 500 ## - NOTA GENERAL | |
| Nota general | Edición de cantos dorados |
| 500 ## - NOTA GENERAL | |
| Nota general | R12 |
| 546 ## - NOTA DE LENGUA/LENGUAJE | |
| Nota de lengua/lenguaje | Texto en: inglès y español |
| 600 14 - PUNTO DE ACCESO ADICIONAL DE MATERIA--NOMBRE DE PERSONA | |
| Nombre de persona | Cervantes Saavedra, Miguel de |
| Fechas asociadas al nombre | 1547-1616 |
| Título de la obra | Don Quijote |
| Subdivisión de forma | Bibliografía |
| 9 (RLIN) | 18425 |
| 700 1# - PUNTO DE ACCESO ADICIONAL--NOMBRE DE PERSONA | |
| Nombre de persona | Suñe Benages, Juan |
| Término indicativo de función/relación | comp. |
| 9 (RLIN) | 18426 |
| 700 1# - PUNTO DE ACCESO ADICIONAL--NOMBRE DE PERSONA | |
| Nombre de persona | Suñe Fonbuena, Juan |
| Término indicativo de función/relación | comp. |
| 9 (RLIN) | 18427 |
| 700 1# - PUNTO DE ACCESO ADICIONAL--NOMBRE DE PERSONA | |
| Nombre de persona | Ford, J. D. M. |
| Término indicativo de función/relación | ed. |
| 9 (RLIN) | 18428 |
| 700 1# - PUNTO DE ACCESO ADICIONAL--NOMBRE DE PERSONA | |
| Nombre de persona | Kelle, C. T. |
| Término indicativo de función/relación | ed. |
| 9 (RLIN) | 18429 |
| 740 0# - PUNTO DE ACCESO ADICIONAL--TÍTULO RELACIONADO O ANALÍTICO NO CONTROLADO | |
| Título relacionado o analítico no controlado | Bibliografía crítica de ediciones del Quijote, impresas desde 1605 hasta 1917 |
| 902 ## - CATALOGADOR | |
| Iniciales | GFM |
| 942 ## - ELEMENTOS DE PUNTO DE ACCESO ADICIONAL (KOHA) | |
| Fuente del sistema de clasificación o colocación | Library of Congress Classification |
| Tipo de ítem Koha | Libros |
| Estado de retiro | Estado de pérdida | Estado dañado | No para préstamo | Localización permanente | Ubicación/localización actual | Fecha de adquisición | Número de inventario | Total de préstamos | Signatura topográfica completa | Código de barras | Fecha visto por última vez | Precio válido a partir de | Tipo de ítem Koha |
|---|---|---|---|---|---|---|---|---|---|---|---|---|---|
| El ejemplar forma parte de la colección y puede ser consultado según las políticas vigentes. | Biblioteca del Museo Franz Mayer (Rogerio Casas-Alatriste) | Biblioteca del Museo Franz Mayer (Rogerio Casas-Alatriste) | 25/04/2013 | R12 | Z8158 .S86 1939 (R12) | 8088 | 22/03/2019 | 22/03/2019 | Libros |